[Event "Mukachevo Rating 29th"]
[Site "Mukachevo"]
[Date "2016.02.07"]
[Round "8"]
[White "Prokopchuk, Anatoly N"]
[Black "Krichfalushi, Alexander"]
[Result "1-0"]
[WhiteElo "1927"]
[BlackElo "1775"]
[PlyCount "60"]
[EventDate "2016.02.03"]
[EventType "swiss"]
[EventRounds "9"]
[EventCountry "UKR"]
[SourceTitle "CBM 170 Extra"]
[Source "ChessBase"]
[SourceDate "2016.02.25"]
[SourceVersion "1"]
[SourceVersionDate "2016.02.25"]
[SourceQuality "1"]

1. Nf3 d5 2. g3 c5 3. c4 d4 4. e3 Nc6 5. exd4 cxd4 6. Bg2 Nf6 7. 0-0 Bg4 8. d3 e6 9. h3 Bh5 10. g4 Bg6 11. Nh4 Bd6 12. Nxg6 hxg6 13. a3 a5 14. Nd2 Qc7 15. Re1 Bh2+ 16. Kf1 0-0 17. Nf3 Bd6 18. b3 Nd7 19. Ng5 Rae8 20. Ra2 Nc5 21. Rae2 Ne5 22. Rd2 Qb6 23. f4 Ned7 24. Rb2 e5 25. b4 Ne6 26. c5 Bxc5 27. bxc5 Qxc5 28. Rxb7 Nxg5 29. Rxd7 Ne6 30. Rd5 Qb6 1-0

[Event "Mukachevo Rating 29th"]
[Site "Mukachevo"]
[Date "2016.02.05"]
[Round "5"]
[White "Fastovets, Arsen"]
[Black "Krichfalushi, Alexander"]
[Result "1/2-1/2"]
[WhiteElo "1601"]
[BlackElo "1775"]
[PlyCount "79"]
[EventDate "2016.02.03"]
[EventType "swiss"]
[EventRounds "9"]
[EventCountry "UKR"]
[SourceTitle "CBM 170 Extra"]
[Source "ChessBase"]
[SourceDate "2016.02.25"]
[SourceVersion "1"]
[SourceVersionDate "2016.02.25"]
[SourceQuality "1"]

1. Nf3 d5 2. b4 Bg4 3. Bb2 e6 4. e3 Nf6 5. a3 c5 6. bxc5 Bxc5 7. d4 Bd6 8. Nbd2 0-0 9. h3 Bxf3 10. Qxf3 Qb6 11. Rb1 Qa5 12. Qd1 Ne4 13. Qc1 Nd7 14. Bd3 Ndf6 15. c3 Rfc8 16. Bxe4 Nxe4 17. Nxe4 dxe4 18. 0-0 Rc4 19. Qc2 f5 20. Qb3 b5 21. Rfc1 Rac8 22. Ra1 Qb6 23. Qd1 a5 24. a4 g6 25. axb5 Qxb5 26. Ba3 Bxa3 27. Rxa3 Rb8 28. Rca1 Qb2 29. Rxa5 Rxc3 30. R5a2 Qb5 31. Ra8 Rxa8 32. Rxa8+ Kg7 33. Qa4 Qd5 34. Qe8 Rc1+ 35. Kh2 Qd6+ 36. g3 Rc2 37. Kg2 Rc7 38. Qh8+ Kh6 39. Qf8+ Qxf8 40. Rxf8 1/2-1/2